00360nam a2200157Ia 4500008004000000041000800040082001200048100001700060245003700077260003500114650001200149650000700161650001100168650001300179650001000192210210b1949 xxu||||| |||| 00| 0 eng d aeng a590/324 aWHISTLER (H) aPopular handbook of Indian birds aLondonbGurney & Jacksonc1949 aPopular aof aIndian ahandbook abirds